Twenty One Pilots - Taxi Cab (Lyrics) - Statistics

General Stats
  • This quiz has been taken 4 times
  • The average score is 242 of 364
Answer Stats
Answer % Correct
a
100%
away
100%
be
100%
by
100%
cab
100%
he
100%
I
100%
if
100%
not
100%
so
100%
taxi
100%
the
100%
there
100%
to
100%
we
100%
when
100%
afraid
75%
and
75%
beautifully
75%
but
75%
day
75%
days
75%
die
75%
don't
75%
dying
75%
fall
75%
far
75%
fill
75%
fly
75%
ghost
75%
going
75%
had
75%
have
75%
I'm
75%
inside
75%
is
75%
me
75%
my
75%
of
75%
on
75%
said
75%
side
75%
sometimes
75%
soul
75%
that
75%
this
75%
until
75%
up
75%
wanna
75%
we're
75%
were
75%
where
75%
will
75%
you
75%
your
75%
again
50%
against
50%
alive
50%
all
50%
am
50%
asked
50%
back
50%
backs
50%
box
50%
breath
50%
breathless
50%
carry
50%
cleared
50%
contrived
50%
could
50%
cracked
50%
darkness
50%
dead
50%
did
50%
door
50%
dreaming
50%
driver
50%
either
50%
every
50%
fade
50%
fades
50%
fingernails
50%
fought
50%
from
50%
front
50%
gas
50%
grabbed
50%
gray
50%
half
50%
heads
50%
hearse
50%
help
50%
him
50%
his
50%
hole
50%
home
50%
it
50%
lock
50%
made
50%
map
50%
men
50%
mind
50%
more
50%
must
50%
new
50%
night
50%
now
50%
one
50%
open
50%
out
50%
passenger
50%
person
50%
picked
50%
piece
50%
pushed
50%
pushing
50%
ran
50%
revealed
50%
route
50%
save
50%
saw
50%
searching
50%
see
50%
someone
50%
son
50%
song
50%
spot
50%
strip
50%
them
50%
then
50%
three
50%
undone
50%
way
50%
you're
50%
another
25%
around
25%
blood
25%
checked
25%
death
25%
divided
25%
driving
25%
everyone
25%
fate
25%
floor
25%
for
25%
found
25%
heard
25%
I've
25%
know
25%
light
25%
little
25%
morning
25%
mortal
25%
myself
25%
off
25%
oh
25%
once
25%
or
25%
past
25%
planned
25%
rotting
25%
sat
25%
say
25%
stars
25%
start
25%
started
25%
steal
25%
time
25%
toward
25%
turn
25%
turned
25%
two
25%
unpack
25%
want
25%
was
25%
washed
25%
watch
25%
well
25%
at
0%
least
0%
No matching quizzes found
Score Distribution
Percent of People with Each Score
Percentile by Number Answered
Your Score History
You have not taken this quiz